| 000 | 00471nam a2200169 a 4500 | ||
|---|---|---|---|
| 001 | 0000-9241 | ||
| 003 | ELIB.Books | ||
| 008 | 110520 1996 | ||
| 035 | _a(ELIB.Books)0000-9393 | ||
| 082 |
_a230.03 _bMck |
||
| 100 | _aMckim, Donald K. | ||
| 245 | _aWestminister Dictionary of Theological Terms | ||
| 260 |
_bLouisville: Westminster John Knox Press _c1996 |
||
| 650 | _aTheology - Dictionaries | ||
| 942 |
_2ddc _cBK |
||
| 998 |
_cbat _e2011-05-20 |
||
| 999 |
_c9241 _d9241 |
||